00580nam a22001937a 450000500170000001000150001702000260003203500130005803700130007108200110008410000160009524500770011125000110018826000460019927000760024530000280032150000190034970000180036820140813103734.0 aENG-110436 a9789350352144c260.00 aEN-93968 bDBAD/PUB a344.01 aKumar, H.L. aLabour laws :cby H.L. Kumar [and] Gaurav kumarbeverybody should know / a8th ed aNew DelhibUniversal Law Publishingc2012 aC-FF-1A, Dilkhush Industrial Estate, G.T Karnal RoadbNew Delhie110033 axxiii,342p. c23cm(pbk) aIncludes index aGaurav Kumar